Les 10 pays les plus visités au monde (2024) - Statistiques

Statistiques générales
  • Ce quiz a été pris 326 fois
  • Le résultat moyen est 8 sur 10
Statistiques - réponses
RANG PAYS % Correct
1 France
99%
2 Espagne
94%
3 Etats-Unis
92%
5 Italie
91%
4 Chine
89%
7 Royaume-Uni
85%
9 Allemagne
82%
6 Mexique
71%
8 Turquie
43%
10 Thailande
40%
Aucun quiz correspondant
Distribution des résultats
% des personnes avec chaque résultat
Percentile par nombre de réponses
Votre historique - résultats
Vous n’avez pas pris ce quiz